| 000 | 00496nam a22001697a 4500 | ||
|---|---|---|---|
| 005 | 20230714145034.0 | ||
| 008 | 230714b ||||| |||| 00| 0 eng d | ||
| 040 | _cAL | ||
| 041 | _aEnglish | ||
| 082 |
_223 _a294.3 _bTAMP |
||
| 100 |
_aThien Tam and others _9127019 |
||
| 245 | _aPure Land Zen Zen Pure Land : letters from patriarch Yin Kuang | ||
| 260 |
_aNew York _bSutra Translation Committee _c1993 |
||
| 300 |
_a268 p. _bPB _c21x14 cm. |
||
| 700 |
_aTAM (Thien) _9127020 |
||
| 942 |
_2ddc _cDB |
||
| 999 |
_c227883 _d227883 |
||